00333nam a22001217a 450000500170000002000220001703500120003903700130005124500890006426000230015330000180017670000170019420120404130651.0 a8172145918c65.00 aB-29691 aDPLbENG aJubilee Relections :bEssays on selected theological issues /cedited by C.V. Mathew aDelhibISPCKc2000 a97p.c20 cms. aMathew, C.V.